书目信息 |
| 题名: |
道德经译注
|
|
| 作者: | 陈鼓应 著 | |
| 分册: | ||
| 出版信息: | 北京 中信出版集团股份有限公司 2020.04 |
|
| 页数: | 247页 | |
| 开本: | 20cm | |
| 丛书名: | ||
| 单 册: | ||
| 中图分类: | B223.1 | |
| 科图分类: | ||
| 主题词: | 先秦哲学 | |
| 电子资源: | ||
| ISBN: | 978-7-5217-1688-7 | |
| 000 | 00545nam0 2200193 45 | |
| 001 | 2129756682 | |
| 005 | 20210407084053.32 | |
| 010 | @a978-7-5217-1688-7@dRMB 36.00 | |
| 100 | @a20210407d2020 km y0chiy0120 ea | |
| 101 | 0 | @achi |
| 102 | @aCN@b110000 | |
| 200 | 1 | @a道德经译注@Adao de jing yi zhu@f陈鼓应著@Fchen gu ying zhu |
| 210 | @a北京@c中信出版集团股份有限公司@d2020.04 | |
| 215 | @a247页@d20cm | |
| 606 | 0 | @a先秦哲学 |
| 690 | @aB223.1@v4 | |
| 701 | 0 | @a陈鼓应@Achen gu ying@4著 |
| 801 | 0 | @aCN@bPFT@c20210407 |
| 905 | @a10447@dB223.1@eC428 | |
| 道德经译注/陈鼓应著.-北京:中信出版集团股份有限公司,2020.04 |
| 247页;20cm |
| ISBN 978-7-5217-1688-7:RMB 36.00 |
| ● |
| 相关链接 |
|
|
|
正题名:道德经译注
索取号:B223.1/C428
 
预约/预借
| 序号 | 登录号 | 条形码 | 馆藏地/架位号 | 状态 | 备注 |
| 1 | 1504874 | 215048749 | 社科库509/509社科库 12排1列6层/ [索取号:B223.1/C428] | 在馆 | |
| 2 | 1504875 | 215048758 | 社科库509/509社科库 12排1列6层/ [索取号:B223.1/C428] | 在馆 | |
| 3 | 1504876 | 215048767 | 社科库509/509社科库 12排1列6层/ [索取号:B223.1/C428] | 在馆 | |
| 4 | 1504877 | 215048776 | 社科库509/509社科库 12排1列6层/ [索取号:B223.1/C428] | 在馆 | |
| 5 | 1504893 | 215048936 | 社科库509/509社科库 12排1列6层/ [索取号:B223.1/C428] | 在馆 | |
| 6 | 1504927 | 215049276 | 社科库509/509社科库 12排1列6层/ [索取号:B223.1/C428] | 在馆 | |
| 7 | 1504928 | 215049285 | 社科库509/509社科库 12排1列6层/ [索取号:B223.1/C428] | 在馆 | |
| 8 | 1504929 | 215049294 | 社科库509/509社科库 12排1列6层/ [索取号:B223.1/C428] | 在馆 | |
| 9 | 1504930 | 215049301 | 社科库509/509社科库 12排1列6层/ [索取号:B223.1/C428] | 在馆 | |
| 10 | 1504931 | 215049310 | 社科库509/509社科库 12排1列6层/ [索取号:B223.1/C428] | 在馆 | |
| 11 | 1504932 | 215049329 | 社科库509/509社科库 12排1列6层/ [索取号:B223.1/C428] | 在馆 | |
| 12 | 1504933 | 215049338 | 社科库509/509社科库 12排1列6层/ [索取号:B223.1/C428] | 在馆 | |
| 13 | 1504934 | 215049347 | 社科库509/509社科库 12排1列6层/ [索取号:B223.1/C428] | 在馆 | |
| 14 | 1504935 | 215049356 | 社科库509/509社科库 12排1列6层/ [索取号:B223.1/C428] | 在馆 | |
| 15 | 1504936 | 215049365 | 社科库509/509社科库 12排1列6层/ [索取号:B223.1/C428] | 在馆 | |
| 16 | 1504937 | 215049374 | 社科库509/509社科库 12排1列6层/ [索取号:B223.1/C428] | 在馆 | |
| 17 | 1504938 | 215049383 | 社科库509/509社科库 12排1列6层/ [索取号:B223.1/C428] | 在馆 | |
| 18 | 1504939 | 215049392 | 社科库509/509社科库 12排1列6层/ [索取号:B223.1/C428] | 在馆 | |
| 19 | 1504940 | 215049409 | 社科库509/509社科库 12排1列6层/ [索取号:B223.1/C428] | 在馆 | |
| 20 | 1504941 | 215049418 | 社科库509/509社科库 12排1列6层/ [索取号:B223.1/C428] | 在馆 |